Statistics for 2016 Chicago Cubs Roster

Click here to take the quiz!

General Stats

  • This quiz has been taken 1,706 times
  • The average score is 16 of 27

Answer Stats

PosPlayer% Correct
1BAnthony Rizzo
97%
3BKris Bryant
96%
IFJavier Baez
88%
SPJon Lester
83%
CDavid Ross
82%
RFJason Heyward
81%
SPJake Arrieta
80%
SSAddison Russell
79%
UTWillson Contreras
79%
2BBen Zobrist
77%
SPKyle Hendricks
77%
CLAroldis Chapman
75%
OFKyle Schwarber
74%
CFDexter Fowler
71%
CMiguel Montero
63%
SPJohn Lackey
57%
RPMike Montgomery
48%
OFAlbert Almora
43%
SPJason Hammel
36%
CLHector Rondon
31%
RPTravis Wood
28%
OFChris Coghlan
26%
3BTommy La Stella
26%
LFJorge Soler
24%
RPJustin Grimm
17%
OFMatt Szczur
14%
RPTrevor Cahill
9%

Score Distribution

Percentile by Number Answered

Percent of People with Each Score

Your Score History

You have not taken this quiz